|
|
|
|
| LEADER |
00877nam a2200217 a 4500 |
| 001 |
GR-MES5202 |
| 008 |
991111s1994 nyu b 001 b eng d |
| 040 |
|
|
|a GrPaTEI
|b gre
|c GR-PaULI
|
| 245 |
0 |
0 |
|a Consumer behavior.
|
| 250 |
|
|
|a 3th
|
| 260 |
|
|
|a New York :
|b Wiley,
|c 1994
|
| 300 |
|
|
|a xxxii,614 και συμπλήρωμα
|
| 504 |
|
|
|a Περιλαμβάνει βιβλιογραφικές παραπομπές και ευρετήριο.
|
| 650 |
|
4 |
|a ΚΑΤΑΝΑΛΩΤΕΣ
|
| 650 |
|
4 |
|a Μάνατζμεντ
|
| 650 |
|
4 |
|a ΣΥΜΠΕΡΙΦΟΡΑ ΚΑΤΑΝΑΛΩΤΗ
|
| 700 |
1 |
|
|a Wilkie, W.
|
| 942 |
|
|
|2 ddc
|
| 952 |
|
|
|0 0
|1 0
|2 ddc
|4 0
|6 658_832000000000000_4_WIL
|7 0
|9 275772
|a MSLG
|b MSLG
|c BSC
|d 2021-01-17
|e 24
|f 0
|g 0.00
|l 0
|o 658.832 4 WIL
|p 2420000015329
|r 2021-01-17 00:00:00
|t 1
|w 2021-01-17
|y BK15
|x 19991111 0 1
|x GrPaTEI
|
| 971 |
|
|
|a .b25836699
|b 15-04-20
|c 14-09-16
|
| 999 |
|
|
|c 159832
|d 159832
|